Consumer protection act 2019- A review of criminal sanctions protecting consumers (Record no. 514465)

000 -LEADER
fixed length control field 01659nam a22001577a 4500
008 - FIXED-LENGTH DATA ELEMENTS--GENERAL INFORMATION
fixed length control field 201106b ||||| |||| 00| 0 eng d
100 ## - MAIN ENTRY--PERSONAL NAME
Personal name Nagarathna, A
245 ## - TITLE STATEMENT
Title Consumer protection act 2019- A review of criminal sanctions protecting consumers
260 ## - PUBLICATION, DISTRIBUTION, ETC. (IMPRINT)
Place of publication, distribution, etc International Journal on Consumer Law and practice
300 ## - PHYSICAL DESCRIPTION
Extent 8, 2020: p.23-39
520 ## - SUMMARY, ETC.
Summary, etc Indian Consumer Projections act 1986 which was once enacted to provide timely relief to consumes affected with defective products and deficient series, apart from providing both legal as well as institutional framework for protections of consumer’s rights came under criticism for being ineffective on certain fronts. On the other had increase in the cases of unfair trade practices and misleading advertisements necessitated changes to the law. Hence the new comer prtoction act, enacted n 2019 aims to bring in stringent measures so as to effectively protect the consumers. It for the first time provides for remedies that are criminal in nature by way of criminal sing fife wrongs. This paper is an attempt to assess these criminalising provisions in general and more specifically from criminalising Perspective. It also exports the scope and ambit of such criminal liability imposing provisions, apart from examining its related procedural aspects. – Reproduced
650 ## - SUBJECT ADDED ENTRY--TOPICAL TERM
Topical term or geographic name as entry element Consumer protection act 2019, Criminal sanction, Criminal liability, recall of goods, Deceptive advertisements, Unfair trade practice, Product liability, etc.
9 (RLIN) 19155
773 ## - HOST ITEM ENTRY
Main entry heading International Journal on Consumer Law and practice
906 ## - LOCAL DATA ELEMENT F, LDF (RLIN)
Subject DIP CONSUMER PROTECTION ACT - INDIA
942 ## - ADDED ENTRY ELEMENTS (KOHA)
Item type Articles
Holdings
Withdrawn status Lost status Source of classification or shelving scheme Damaged status Not for loan Permanent location Current location Date acquired Serial Enumeration / chronology Barcode Date last seen Koha item type
          Indian Institute of Public Administration Indian Institute of Public Administration 2020-11-06 8, 2020: p.23-39 AR123467 2020-11-06 Articles

Powered by Koha